000 00783cam a2200181 i 4500
005 20251228122240.0
008 250721s2002 ts gr 000 0 ara d
082 1 4 _a218.6
_bس ل ف
100 1 _aالسلفي، علي بن حسن بن علي الحلبي
_eمؤلف.
245 1 2 _aالرد البرهاني في الإنتصار للعلامة المحدث محمد ناصر الدين الألباني /
_cكتبه الراجي عفو ربه العلي علي بن حسن بن علي الحلبي الأثري.
264 3 1 _aعجمان :
_bمكتبة الفرقان،
_c2002.
300 _a298 صفحة.
650 1 7 _aالعقيدة الدينية.
650 1 7 _aالإسلام.
650 1 7 _aدفاع عن مطاعن.
942 _2ddc
_cBK
999 _c60875
_d60875